000 00214nam a22000857a 4500
008 160705b xxu||||| |||| 00| 0 eng d
100 _92142
_a Rao, V.K
245 _aSocial Education
260 _aNew Delhi
_b A.P.H.
_c2004
999 _c1834
_d1834